[Event "Frankfurt Ch B 2015"]
[Site "Ffm-Höchst, BiKuZ"]
[Date "2015.06.01"]
[Round "5.3"]
[White "Klein, Simon"]
[Black "Both, Günter"]
[Result "0-1"]
[WhiteElo "1028"]
[BlackElo "1421"]
[PlyCount "86"]
[EventDate "2015.??.??"]
[WhiteTeam "SF Frankfurt"]
[BlackTeam "SK Bischofsheim"]

1. f4 d5 2. Nf3 c5 3. e3 Nc6 4. Be2 Nf6 5. O-O e6 6. b3 Be7 7. Bb2 O-O 8. c4 a6
9. Nc3 d4 10. Qb1 dxc3 11. Bxc3 h6 12. Rd1 Nh7 13. Bd3 f5 14. e4 Nd4 15. Ne5
Qe8 16. exf5 exf5 17. Re1 Nc6 18. Nxc6 bxc6 19. Re5 Qf7 20. Qc2 Bd6 21. Rae1
Bd7 22. R5e3 g6 23. g4 g5 24. Rh3 Qg6 25. Be5 gxf4 26. Bxd6 Qxg4+ 27. Kh1 Qxh3
28. Rg1+ Ng5 29. Bxf4 Qf3+ 30. Rg2 Qxf4 31. Qd1 Rae8 32. Qh5 Re1+ 33. Rg1 Rxg1+
34. Kxg1 Rf6 35. Kh1 Qf3+ 36. Qxf3 Nxf3 37. Be2 Nxd2 38. Bh5 f4 39. Kg2 f3+ 40.
Kf2 Rf5 41. Bg4 Rf7 42. Ke3 Bxg4 43. Kf2 Ne4+ {44.Kg3??(illegal) f2 45.Kxg4
f1Q 46.b4 Rg7+ 47.Kh4 Qf4 48.Kh3 Qg4#} 0-1

[Event "Frankfurt Ch B 2015"]
[Site "Ffm-Höchst, BiKuZ"]
[Date "2015.06.01"]
[Round "5.5"]
[White "Brunner, Andreas"]
[Black "Schneider, Kevin"]
[Result "0-1"]
[WhiteElo "1317"]
[BlackElo "1228"]
[PlyCount "122"]
[EventDate "2015.??.??"]
[WhiteTeam "TSG Nieder-Erlenbach"]
[BlackTeam "SC Breuberg"]

1. d4 Nf6 2. Nc3 d5 3. Nf3 h6 4. e3 Bg4 5. Be2 e6 6. Qd3 c6 7. O-O Bd6 8. Ne5
Bf5 9. Qd2 Qc7 10. b4 Bxe5 11. dxe5 Qxe5 12. f4 Qc7 13. a4 Nbd7 14. Ba3 O-O 15.
Bd3 Rfe8 16. Bxf5 exf5 17. Rae1 Ne4 18. Qd3 Nb6 19. a5 Nc4 20. Bc1 Qd6 21. Na2
Qf6 22. Re2 b6 23. b5 bxa5 24. bxc6 Qxc6 25. Rd1 Qf6 26. Rde1 Red8 27. Qd4 Qb6
28. Qd3 Qf6 29. Qd4 a6 30. Qd3 Rab8 31. c3 Rb3 32. Qd4 Nxc3 33. Qxf6 Nxe2+ 34.
Rxe2 gxf6 35. Kf2 Rb1 36. Bd2 Rb2 37. Bc3 Rxe2+ 38. Kxe2 Rd6 39. Kd3 Re6 40.
Bd4 a4 41. Nb4 Nb6 42. Nxa6 a3 43. Nb4 Nc4 44. Na2 Ra6 45. Kc3 Ra8 46. Bxf6
Nxe3 47. g3 Nf1 48. Kd4 Nxh2 49. Kxd5 Kh7 50. Kc4 Kg6 51. Be7 Kh5 52. Kd3 Kg4
53. Bh4 Nf3 54. Bf6 Kxg3 55. Bg7 Kxf4 56. Bxh6+ Ng5 57. Ke2 Kg4 58. Bg7 f4 59.
Kf2 Ne4+ 60. Kg2 Rc8 61. Nb4 a2 0-1

[Event "Frankfurt Ch B 2015"]
[Site "Ffm-Höchst, BiKuZ"]
[Date "2015.06.01"]
[Round "5.8"]
[White "Brand, Achim"]
[Black "Wenge, Hardy"]
[Result "1-0"]
[WhiteElo "1244"]
[BlackElo "1127"]
[PlyCount "87"]
[EventDate "2015.??.??"]
[WhiteTeam "SVG Echzell"]
[BlackTeam "SF Friedberg"]

1. e4 c5 2. Nf3 Nc6 3. Bc4 d6 4. O-O Bg4 5. c3 Ne5 6. Be2 Nxf3+ 7. Bxf3 Bxf3 8.
Qxf3 e5 9. Rd1 Qf6 10. Qe2 g6 11. Qb5+ Kd8 12. Qxb7 Rc8 13. Qxa7 Ne7 14. d3 h5
15. Be3 Bh6 16. Bxh6 Rxh6 17. Nd2 Qe6 18. Nc4 Nc6 19. Qa4 f5 20. Nb6 Rc7 21.
Qa8+ Ke7 22. Nd5+ Kd7 23. Nxc7 Kxc7 24. Qa4 f4 25. f3 g5 26. Qb3 Qd7 27. Qg8 g4
28. Kf2 Ne7 29. Qg5 Qe6 30. d4 gxf3 31. d5 Rg6 32. dxe6 Rxg5 33. gxf3 Rg6 34.
Rg1 Rxe6 35. Rg5 Rh6 36. h4 Ng6 37. Rh1 Kc6 38. c4 Nf8 39. Rhg1 Kd7 40. Rg7+
Kc6 41. a3 Ne6 42. R7g6 Rxg6 43. Rxg6 Nd4 44. Rh6 1-0

[Event "Frankfurt Ch B 2015"]
[Site "Ffm-Höchst, BiKuZ"]
[Date "2015.06.01"]
[Round "5.9"]
[White "Hartwig, Horst"]
[Black "Koller, Wolfgang"]
[Result "0-1"]
[WhiteElo "1156"]
[BlackElo "1422"]
[PlyCount "100"]
[EventDate "2015.??.??"]
[WhiteTeam "TuS Hausen"]
[BlackTeam "SC Sulzbach"]

1. e4 d5 2. exd5 Qxd5 3. Nc3 Qa5 4. Nf3 Nf6 5. h3 Bf5 6. Nd4 Qe5+ 7. Nce2 Bg6
8. d3 e6 9. Nf3 Qa5+ 10. c3 Nbd7 11. Ned4 O-O-O 12. Be2 Ne5 13. O-O Bd6 14. b4
Nxf3+ 15. Nxf3 Qd5 16. c4 Qc6 17. Nd4 Qd7 18. Qb3 e5 19. Bg4 Nxg4 20. hxg4 exd4
21. c5 Be7 22. f3 h5 23. g5 Qf5 24. Qa3 Kb8 25. f4 Qxd3 26. Qxd3 Bxd3 27. Re1
Rhe8 28. Bb2 f6 29. Rad1 Bc4 30. Bxd4 fxg5 31. Bxg7 Rxd1 32. Rxd1 Kc8 33. f5
Bf8 34. Bf6 g4 35. Kh2 Bh6 36. Kg3 Be3 37. Kh4 Bf7 38. Kg3 c6 39. a4 Bd5 40.
Kh4 Bxg2 41. Kxh5 g3 42. Kg6 Bd5 43. b5 g2 44. bxc6 bxc6 45. Kg7 g1=Q+ 46. Rxg1
Bxg1 47. Bg5 Rg8+ 48. Kf6 Bxc5 49. Bh6 Kd7 50. Bg7 Bd4+ 0-1

[Event "Frankfurt Ch B 2015"]
[Site "Ffm-Höchst, BiKuZ"]
[Date "2015.06.01"]
[Round "5.10"]
[White "Dolaberidze, Nico"]
[Black "Herwig-Päutz, Martin"]
[Result "0-1"]
[WhiteElo "1097"]
[BlackElo "1320"]
[PlyCount "66"]
[EventDate "2015.??.??"]
[WhiteTeam "SV Neu-Isenburg"]
[BlackTeam "SF Friedberg"]

1. e4 e5 2. Nf3 Nc6 3. Bc4 Bc5 4. d3 d6 5. h3 h6 6. O-O Nf6 7. Be3 Nd4 8. c3
Ne6 9. Bxe6 Bxe6 10. Bxc5 dxc5 11. Nxe5 Qe7 12. f4 O-O-O 13. f5 Bxa2 14. Rxa2
Qxe5 15. Rxa7 Nd7 16. Nd2 c4 17. Nxc4 Qc5+ 18. Kh1 Qxa7 19. Qg4 b5 20. Na3 Rhg8
21. d4 Qa6 22. Qe2 c6 23. d5 Ne5 24. dxc6 Rd3 25. Qf2 b4 26. cxb4 Rgd8 27. b5
Qa5 28. Qc2 Qb4 29. c7 R8d7 30. Rc1 Qxe4 31. b6 Rxh3+ 32. Kg1 Qe3+ 33. Kf1 Rh1#
0-1

[Event "Frankfurt Ch B 2015"]
[Site "Ffm-Höchst, BiKuZ"]
[Date "2015.06.01"]
[Round "5.11"]
[White "Klinke, Roland"]
[Black "Overkamp, Rüdiger"]
[Result "1-0"]
[WhiteElo "1076"]
[BlackElo "1294"]
[PlyCount "55"]
[EventDate "2015.??.??"]
[WhiteTeam "TuS Dotzheim"]
[BlackTeam "SF Heidelberg"]

1. d4 d5 2. c4 Bf5 3. Nf3 Bxb1 4. Rxb1 c6 5. a3 Nf6 6. Qb3 Qc7 7. g3 e6 8. Bg2
dxc4 9. Qxc4 Be7 10. b4 O-O 11. O-O b5 12. Qc2 a5 13. Bf4 Qb6 14. Be3 axb4 15.
axb4 Nd5 16. Bd2 Ra4 17. e4 Nxb4 18. Bxb4 Bxb4 19. Rfd1 Be7 20. Qxa4 Na6 21.
Ne5 Rd8 22. Nf3 bxa4 23. Rxb6 Nb4 24. Rb1 a3 25. R6xb4 Bxb4 26. Rxb4 c5 27. Ra4
c4 28. Rxc4 1-0

[Event "Frankfurt Ch B 2015"]
[Site "Ffm-Höchst, BiKuZ"]
[Date "2015.06.01"]
[Round "5.13"]
[White "Fredershausen, Kurt"]
[Black "Mongi, Mario"]
[Result "0-1"]
[WhiteElo "1059"]
[BlackElo "1263"]
[PlyCount "34"]
[EventDate "2015.??.??"]
[WhiteTeam "SC Bad Soden"]
[BlackTeam "SF Frankfurt"]

1. e4 c5 2. Nf3 Nc6 3. d4 cxd4 4. Nxd4 Nf6 5. Nc3 g6 6. Be2 Bg7 7. Be3 d6 8.
Qd2 Ng4 9. Bxg4 Bxg4 10. f4 Qa5 11. a3 Rc8 12. b4 Nxb4 13. O-O Nxc2 14. Nb1
Qxd2 15. Nxd2 Nxe3 16. Rac1 Bxd4 17. Rxc8+ Bxc8 0-1

[Event "Frankfurt Ch B 2015"]
[Site "Ffm-Höchst, BiKuZ"]
[Date "2015.06.01"]
[Round "5.16"]
[White "Mook, Karl-Jürgen"]
[Black "Dröser, Wolfgang"]
[Result "1-0"]
[WhiteElo "1297"]
[BlackElo "1116"]
[PlyCount "43"]
[EventDate "2015.??.??"]
[WhiteTeam "SC Sulzbach"]
[BlackTeam "SF Frankfurt"]

1. Nf3 d5 2. d4 b6 3. c4 e6 4. cxd5 exd5 5. e3 a6 6. Bd3 Bb7 7. O-O Bd6 8. Re1
Nf6 9. Nbd2 Nbd7 10. e4 dxe4 11. Nxe4 Be7 12. h3 O-O 13. a3 h6 14. Bf4 Nd5 15.
Bh2 g5 16. Ne5 Bd6 17. Nxd6 cxd6 18. Nc4 Nf4 19. Bxf4 gxf4 20. Qg4+ Kh8 21.
Qxf4 Rg8 22. Qxh6# 1-0

[Event "Frankfurt Ch A 2015"]
[Site "Ffm-Höchst, BiKuZ"]
[Date "2015.06.08"]
[Round "6.1"]
[White "Khenkin, Igor"]
[Black "Henrich, Thomas"]
[Result "1-0"]
[WhiteElo "2578"]
[BlackElo "2171"]
[PlyCount "65"]
[EventDate "2015.??.??"]
[WhiteTeam "SG Porz"]
[BlackTeam "SK Marburg"]

1. d4 Nf6 2. c4 e6 3. Nf3 c5 4. d5 d6 5. Nc3 exd5 6. cxd5 g6 7. Bf4 a6 8. a4
Bg7 9. h3 O-O 10. e3 Re8 11. Bd3 Nbd7 12. O-O Ne5 13. Nxe5 dxe5 14. Bg5 h6 15.
Bh4 Qb6 16. Qc2 e4 17. Be2 g5 18. Bg3 Bf5 19. a5 Qd8 20. Qb3 Qc8 21. Rfd1 Nd7
22. d6 Rb8 23. Nd5 Be6 24. Bc4 b5 25. axb6 Bxd5 26. Bxd5 Rxb6 27. Bxf7+ Kh8 28.
Qa4 Rd8 29. Qxe4 Rxb2 30. Ra4 Rf8 31. Be6 Qe8 32. Bxd7 Qxd7 33. Rxa6 1-0

[Event "Frankfurt Ch A 2015"]
[Site "Ffm-Höchst, BiKuZ"]
[Date "2015.06.08"]
[Round "6.2"]
[White "Milov, Leonid"]
[Black "Reschke, Thomas"]
[Result "1-0"]
[WhiteElo "2396"]
[BlackElo "2054"]
[PlyCount "67"]
[EventDate "2015.??.??"]
[WhiteTeam "SC Noris-Tarrasch Nürnberg"]
[BlackTeam "SC Frankfurt-West"]

1. e4 g6 2. d4 Bg7 3. Nc3 c6 4. h3 d5 5. Nf3 dxe4 6. Nxe4 Nf6 7. Bd3 Nxe4 8.
Bxe4 O-O 9. O-O Nd7 10. c3 e5 11. Bc2 exd4 12. Nxd4 Qc7 13. Re1 Nc5 14. Qf3 Ne6
15. Nf5 b6 16. Nxg7 Kxg7 17. Re4 Kg8 18. Bh6 Ng7 19. Qf6 Nh5 20. Qe7 Qxe7 21.
Rxe7 Ng7 22. Bb3 Ba6 23. Rd1 c5 24. Bd5 Rae8 25. Rxa7 Bc8 26. Bf4 Re2 27. Bd6
Rd8 28. Bxf7+ Kh8 29. Bc4 Re4 30. Rxg7 Rxc4 31. Rxg6 hxg6 32. Be5+ Kh7 33. Rxd8
Bf5 34. Rh8# 1-0

[Event "Frankfurt Ch A 2015"]
[Site "Ffm-Höchst, BiKuZ"]
[Date "2015.06.08"]
[Round "6.3"]
[White "Willems, Matthias"]
[Black "Poetsch, Hagen"]
[Result "0-1"]
[WhiteElo "1949"]
[BlackElo "2464"]
[PlyCount "62"]
[EventDate "2015.??.??"]
[WhiteTeam "SC Bad Nauheim"]
[BlackTeam "SF Schöneck"]

1. e4 g6 2. d4 c6 3. c4 Bg7 4. Nc3 d6 5. Nf3 Nf6 6. Be2 O-O 7. O-O Nbd7 8. h3
e5 9. dxe5 dxe5 10. Be3 Qe7 11. Qc2 Nh5 12. Rfd1 Nf4 13. Bf1 Nc5 14. b4 Nce6
15. g3 Nh5 16. c5 f5 17. Kh2 f4 18. gxf4 Nexf4 19. Ng1 g5 20. f3 g4 21. Bxf4
Nxf4 22. fxg4 Bxg4 23. Rd2 Qh4 24. Rf2 Nxh3 25. Nxh3 Bxh3 26. Rxf8+ Rxf8 27.
Kg1 Qg3+ 28. Bg2 Bh6 29. Rf1 Be3+ 30. Kh1 Rxf1+ 31. Bxf1 Qg1# 0-1

[Event "Frankfurt Ch A 2015"]
[Site "Ffm-Höchst, BiKuZ"]
[Date "2015.06.08"]
[Round "6.4"]
[White "Stockmann, Michael"]
[Black "Minor, Samuel"]
[Result "0-1"]
[WhiteElo "2193"]
[BlackElo "2131"]
[PlyCount "52"]
[EventDate "2015.??.??"]
[WhiteTeam "SF Schöneck"]
[BlackTeam "Wiesbadener SV"]

1. d4 d6 2. Nf3 f5 3. b3 Nf6 4. Bb2 g6 5. g3 Bg7 6. Bg2 O-O 7. O-O c6 8. Nbd2
Na6 9. Ne1 c5 10. d5 Nc7 11. c4 b5 12. Nd3 Rb8 13. Rb1 a5 14. Qc2 a4 15. e4
axb3 16. axb3 e5 17. dxe6 fxe4 18. Nxe4 Nxe6 19. Nxf6+ Bxf6 20. Bd5 Kg7 21.
Rbe1 bxc4 22. Qxc4 Nc7 23. Bxf6+ Qxf6 24. Nf4 Rb4 25. Qe2 Rxf4 26. Qe7+ Qxe7
0-1

[Event "Frankfurt Ch A 2015"]
[Site "Ffm-Höchst, BiKuZ"]
[Date "2015.06.08"]
[Round "6.5"]
[White "Kaiser, Elmar"]
[Black "Perlitz, Sven"]
[Result "1-0"]
[WhiteElo "2172"]
[BlackElo "1997"]
[PlyCount "75"]
[EventDate "2015.??.??"]
[WhiteTeam "SK Tauberbischofsheim"]
[BlackTeam "SC Nied"]

1. d4 Nf6 2. c4 g6 3. d5 c6 4. Nc3 cxd5 5. cxd5 d6 6. e4 Bg7 7. Bd3 O-O 8. Nge2
Na6 9. O-O Ng4 10. h3 Ne5 11. Bc2 Bd7 12. b3 f5 13. f4 Qb6+ 14. Kh2 Rac8 15.
Bd2 Nf7 16. exf5 gxf5 17. Rc1 Nc7 18. Rf3 Nh6 19. Be3 Qa5 20. Rg3 Ne8 21. b4
Qa3 22. Bd4 Nf6 23. Ne4 Qa6 24. Nxf6+ exf6 25. Bd3 Rxc1 26. Qxc1 Bb5 27. Qc7
Rf7 28. Qd8+ Rf8 29. Qe7 Rf7 30. Qd8+ Rf8 31. Qc7 Rf7 32. Qc8+ Rf8 33. Qe6+ Rf7
34. Bxf6 Ng4+ 35. Rxg4 fxg4 36. Bxh7+ Kf8 37. Be7+ Ke8 38. Bg6 1-0

[Event "Frankfurt Ch A 2015"]
[Site "Ffm-Höchst, BiKuZ"]
[Date "2015.06.08"]
[Round "6.6"]
[White "Schwenkreis, Thomas"]
[Black "Kellerwessel, Ralf"]
[Result "1-0"]
[WhiteElo "2031"]
[BlackElo "1913"]
[PlyCount "83"]
[EventDate "2015.??.??"]
[WhiteTeam "SC Brett vorm Kopp"]
[BlackTeam "SC Bad Soden"]

1. e4 e6 2. Qe2 c5 3. g3 Nc6 4. c3 g6 5. Bg2 Bg7 6. Nf3 Nge7 7. d3 O-O 8. Be3
b6 9. O-O d5 10. Rd1 Ba6 11. Qc2 d4 12. Bd2 e5 13. c4 h6 14. a3 Bc8 15. b4 Qd6
16. b5 Nd8 17. a4 Ne6 18. a5 Bd7 19. Nh4 Rac8 20. Qc1 Kh7 21. f4 f6 22. f5 Nc7
23. fxg6+ Nxg6 24. Nf5 Bxf5 25. exf5 Nh8 26. axb6 axb6 27. Re1 Nf7 28. Qd1 Ra8
29. Bxa8 Rxa8 30. Rxa8 Nxa8 31. Qh5 Qe7 32. Bc1 Nc7 33. Nd2 Ne8 34. Ne4 Nh8 35.
Bd2 Qf7 36. Qf3 Bf8 37. Ra1 Bd6 38. Ra6 Bc7 39. Ra7 Qf8 40. Qh5 Nf7 41. Qg6+
Kh8 42. Nxf6 1-0

[Event "Frankfurt Ch A 2015"]
[Site "Ffm-Höchst, BiKuZ"]
[Date "2015.06.08"]
[Round "6.7"]
[White "Beinrucker, Clemens"]
[Black "Reschke, Stefan"]
[Result "0-1"]
[WhiteElo "1902"]
[BlackElo "2259"]
[PlyCount "98"]
[EventDate "2015.??.??"]
[WhiteTeam "SK Niederbrechen"]
[BlackTeam "SV Oberursel"]

1. e4 g6 2. d4 c6 3. Nc3 d5 4. h3 Bg7 5. Nf3 dxe4 6. Nxe4 Nf6 7. Nxf6+ exf6 8.
Bd3 O-O 9. O-O a5 10. Re1 Na6 11. c3 Nc7 12. Qc2 Ne6 13. Be3 Qd6 14. Nd2 Qc7
15. Rad1 Rd8 16. a4 b6 17. Qb3 Rb8 18. Nf3 Bd7 19. Be2 Bf8 20. Qa2 Kg7 21. b3
Nf4 22. Bxf4 Qxf4 23. Qd2 Bd6 24. Bd3 Be6 25. Qc2 Bd5 26. Be4 Re8 27. Bxd5 cxd5
28. Qd3 Rec8 29. g3 Qh6 30. Kg2 Kg8 31. Re3 Qf8 32. Qb5 Rd8 33. Rde1 Kg7 34.
Nh2 h5 35. Nf1 h4 36. Nh2 Qh8 37. Ng4 hxg3 38. fxg3 Qh5 39. Rf3 Rh8 40. Rh1 f5
41. Ne3 Rbe8 42. Qxd5 Bxg3 43. Kxg3 Rxe3 44. Kf2 Re4 45. Qb5 Qh4+ 46. Kg2 Qg5+
47. Kf1 Rhe8 48. Qd3 Re1+ 49. Kf2 Rxh1 0-1

[Event "Frankfurt Ch A 2015"]
[Site "Ffm-Höchst, BiKuZ"]
[Date "2015.06.08"]
[Round "6.8"]
[White "Rudolph, Lukas"]
[Black "Keller, Peter"]
[Result "1/2-1/2"]
[WhiteElo "1899"]
[BlackElo "2094"]
[PlyCount "169"]
[EventDate "2015.??.??"]
[WhiteTeam "SK Niederbrechen"]
[BlackTeam "Frankfurter TV"]

1. e4 e5 2. Nf3 Nc6 3. Bb5 Nf6 4. d3 Bc5 5. Bg5 Nd4 6. Nxd4 Bxd4 7. c3 Bb6 8.
O-O c6 9. Bc4 h6 10. Be3 Bc7 11. f4 exf4 12. Bxf4 Bxf4 13. Rxf4 Qb6+ 14. d4
Qxb2 15. Rf2 Qxa1 16. a3 Nxe4 17. Ra2 Qxa2 18. Bxa2 d5 19. c4 Be6 20. cxd5 cxd5
21. Qa4+ Ke7 22. Qb4+ Kf6 23. Nc3 Nxc3 24. Qxc3 Rhd8 25. h3 Rac8 26. Qg3 g6 27.
Kh2 Kg7 28. Qe5+ Kh7 29. h4 Rc2 30. Bb1 Rc1 31. Bd3 Rc3 32. Bb1 Rxa3 33. h5 Ra6
34. Qc7 Rd7 35. Qg3 Bf5 36. Bxf5 gxf5 37. Qe5 Re6 38. Qxf5+ Kg7 39. Qg4+ Kf8
40. Qg3 a5 41. Qa3+ Ke8 42. Qxa5 Ra6 43. Qc3 Kd8 44. Qc5 Rc6 45. Qa5+ Kc8 46.
Qa8+ Kc7 47. Qa5+ Kb8 48. Qb4 b6 49. Qf8+ Kb7 50. Qe8 Rcd6 51. Qe2 Re6 52. Qb5
Rdd6 53. Qf1 Re7 54. Qf4 Kc7 55. Qf3 Kc6 56. Qc3+ Kd7 57. Qh3+ Ree6 58. Qf5 Ke7
59. Qc2 Rd7 60. Qc1 Red6 61. Qc2 Kd8 62. Qa4 Rc7 63. Qa8+ Ke7 64. Qh8 Rc4 65.
Qe5+ Kd7 66. Qf5+ Kc6 67. Qc8+ Kb5 68. Qe8+ Rcc6 69. Qxf7 Kc4 70. Qf4 Rf6 71.
Qd2 Rce6 72. g3 b5 73. Qc2+ Kxd4 74. Qb2+ Kc5 75. Qc3+ Kd6 76. Qb4+ Kc6 77.
Qc3+ Kb6 78. Qd4+ Kc6 79. Qc3+ Kb7 80. Qc5 Rb6 81. Qe7+ Ka8 82. Qd8+ Ka7 83.
Qe7+ Kb8 84. Qd8+ Kb7 85. Qe7+ 1/2-1/2

[Event "Frankfurt Ch A 2015"]
[Site "Ffm-Höchst, BiKuZ"]
[Date "2015.06.08"]
[Round "6.9"]
[White "Rondonuwu, Grover"]
[Black "Kaulfuss, Helmut"]
[Result "1-0"]
[WhiteElo "1894"]
[BlackElo "2046"]
[PlyCount "125"]
[EventDate "2015.??.??"]
[WhiteTeam "Frankfurter TV"]
[BlackTeam "SV Hofheim"]

1. d4 Nc6 2. Nf3 d6 3. Bf4 g6 4. e3 Bg7 5. Be2 e6 6. c4 Nge7 7. Nc3 O-O 8. Rc1
b6 9. O-O Bb7 10. a3 a6 11. h3 e5 12. Bh2 exd4 13. exd4 Nf5 14. d5 Ncd4 15.
Nxd4 Nxd4 16. Bd3 f5 17. Ne2 Nxe2+ 18. Qxe2 Re8 19. Qd2 Qf6 20. Rb1 h6 21. b4
Re7 22. Rfe1 Rae8 23. Rxe7 Qxe7 24. Bg3 Kf7 25. Kh2 Qf6 26. f4 Qc3 27. Qxc3
Bxc3 28. Bf2 a5 29. g4 fxg4 30. hxg4 axb4 31. axb4 Ra8 32. Rb3 Bf6 33. Be4 Ra2
34. Kg3 Bc8 35. c5 bxc5 36. bxc5 dxc5 37. Bxc5 g5 38. Be3 Ra4 39. Bf3 Rc4 40.
Be2 gxf4+ 41. Bxf4 Rxf4 42. Kxf4 Bg5+ 43. Ke5 Bf6+ 44. Ke4 Ke7 45. Bf3 Bg5 46.
Rb8 Bd7 47. Ke5 Bf6+ 48. Kf4 Bg5+ 49. Kg3 Kd6 50. Ra8 Bb5 51. Ra5 Bc4 52. Ra7
Bf6 53. Kf4 Bxd5 54. Bxd5 Kxd5 55. Kf5 Be5 56. Ra5+ c5 57. Rxc5+ Kxc5 58. Kxe5
Kc6 59. Kf6 Kd6 60. Kg6 Ke7 61. Kxh6 Kf7 62. g5 Kg8 63. Kg6 1-0

[Event "Frankfurt Ch A 2015"]
[Site "Ffm-Höchst, BiKuZ"]
[Date "2015.06.08"]
[Round "6.10"]
[White "Drill, Frank"]
[Black "Benninger, Rudolf"]
[Result "0-1"]
[WhiteElo "2024"]
[BlackElo "1970"]
[PlyCount "60"]
[EventDate "2015.??.??"]
[WhiteTeam "SF Neuberg"]
[BlackTeam "SC Heusenstamm"]

1. d4 g6 2. e4 Bg7 3. Nc3 c5 4. Nf3 Qa5 5. Be3 Nf6 6. Qd2 Nc6 7. dxc5 Ng4 8.
Bc4 Nxe3 9. Qxe3 Nb4 10. O-O-O Na6 11. e5 Qxc5 12. Qf4 O-O 13. Ne4 Qb6 14. c3
Nc5 15. Nxc5 Qxc5 16. h4 d6 17. exd6 exd6 18. h5 Bf5 19. Rd5 Qc8 20. hxg6 hxg6
21. Qh4 Re8 22. Ng5 Re7 23. Rxd6 b5 24. Nh7 Qe8 25. Rdd1 Rd8 26. Nf6+ Bxf6 27.
Qxf6 Rxd1+ 28. Rxd1 bxc4 29. f3 Re1 30. g4 Qe3# 0-1

[Event "Frankfurt Ch A 2015"]
[Site "Ffm-Höchst, BiKuZ"]
[Date "2015.06.08"]
[Round "6.11"]
[White "Fucik, Timo"]
[Black "Rolf, Marco"]
[Result "1/2-1/2"]
[WhiteElo "2023"]
[BlackElo "1913"]
[PlyCount "49"]
[EventDate "2015.??.??"]
[WhiteTeam "SK Ettlingen"]
[BlackTeam "SK Bad Homburg"]

1. d4 d5 2. c4 c6 3. Nf3 Nf6 4. Nc3 a6 5. cxd5 cxd5 6. g3 Nc6 7. Bg2 h6 8. O-O
Bf5 9. Ne5 e6 10. Nxc6 bxc6 11. f3 Be7 12. e4 dxe4 13. fxe4 Bg4 14. Qa4 O-O 15.
Be3 Qb6 16. Qc2 Rab8 17. b3 Rfd8 18. Na4 Qb5 19. Rae1 Bb4 20. Nc3 Qa5 21. Rc1
c5 22. d5 Bxc3 23. Qxc3 Qxc3 24. Rxc3 exd5 25. exd5 1/2-1/2

[Event "Frankfurt Ch A 2015"]
[Site "Ffm-Höchst, BiKuZ"]
[Date "2015.06.08"]
[Round "6.13"]
[White "Calvi, Stefan"]
[Black "Gutacker, Stephan"]
[Result "1/2-1/2"]
[WhiteElo "1980"]
[BlackElo "1809"]
[PlyCount "107"]
[EventDate "2015.??.??"]
[WhiteTeam "SF Frankfurt"]
[BlackTeam "Sfr. Kelkheim"]

1. e4 e5 2. Nf3 Nc6 3. d4 exd4 4. Nxd4 Bc5 5. Nb3 Bb6 6. Nc3 d6 7. Qe2 Nge7 8.
Be3 O-O 9. O-O-O f5 10. f4 fxe4 11. g3 Bxe3+ 12. Qxe3 Nf5 13. Qe2 Be6 14. Qxe4
Re8 15. Bd3 g6 16. Qf3 Qc8 17. Rhe1 Nfd4 18. Nxd4 Nxd4 19. Qf2 Nc6 20. Ne4 Rf8
21. Ng5 Bf7 22. Nxf7 Kxf7 23. Bc4+ Kg7 24. Qd2 Qf5 25. Re6 Rae8 26. Rde1 Rxe6
27. Rxe6 Qc5 28. Bb3 Qg1+ 29. Re1 Qc5 30. a3 Rd8 31. Kb1 Rd7 32. Be6 Re7 33. f5
Qd4 34. Qg5 Qf6 35. Qxf6+ Kxf6 36. Rf1 g5 37. g4 Nd4 38. Bc8 c6 39. Rd1 Nf3 40.
Rxd6+ Kf7 41. Rd3 Nxh2 42. Rh3 Nxg4 43. Rxh7+ Kf6 44. Rxe7 Kxe7 45. Bxb7 c5 46.
Kc1 Kf6 47. b4 Ne3 48. b5 Nxf5 49. a4 Nd6 50. Bc6 Nc4 51. c3 Ke5 52. Kc2 Na5
53. Ba8 c4 54. Kd2 1/2-1/2

[Event "Frankfurt Ch A 2015"]
[Site "Ffm-Höchst, BiKuZ"]
[Date "2015.06.08"]
[Round "6.14"]
[White "Koch, Markus"]
[Black "Reimer, Otto"]
[Result "0-1"]
[WhiteElo "2123"]
[BlackElo "1791"]
[PlyCount "84"]
[EventDate "2015.??.??"]
[WhiteTeam "SC Brett vorm Kopp"]
[BlackTeam "SK Bad Homburg"]

1. d4 Nf6 2. c4 g6 3. f3 Bg7 4. e4 d6 5. Be3 O-O 6. Ne2 e5 7. Nbc3 Nc6 8. Qd2
a6 9. d5 Ne7 10. g4 c6 11. Ng3 cxd5 12. cxd5 b5 13. a3 Bd7 14. h4 h5 15. gxh5
Nxh5 16. Nxh5 gxh5 17. O-O-O Ng6 18. Rg1 b4 19. axb4 Rb8 20. Rg5 Rxb4 21. Kb1
Ba4 22. Na2 Bxd1 23. Nxb4 Bxf3 24. Nc6 Qf6 25. Bd3 Bg4 26. Bxa6 Qf3 27. Bd3 Bf6
28. b4 Bxg5 29. hxg5 h4 30. b5 h3 31. Bg1 Nf4 32. Bc4 Qxe4+ 33. Qc2 Qe1+ 34.
Qc1 Bf5+ 35. Kb2 Qe4 36. b6 Qg2+ 37. Kb3 Bc8 38. Qxf4 exf4 39. Ne7+ Kh8 40.
Bd4+ f6 41. gxf6 Qf3+ 42. Kb4 Kh7 0-1

[Event "Frankfurt Ch A 2015"]
[Site "Ffm-Höchst, BiKuZ"]
[Date "2015.06.08"]
[Round "6.15"]
[White "Teschler, Ulrich"]
[Black "Stock, Jürgen"]
[Result "0-1"]
[WhiteElo "2001"]
[BlackElo "1867"]
[PlyCount "78"]
[EventDate "2015.??.??"]
[WhiteTeam "SV Fechenheim"]
[BlackTeam "SC Eschborn"]

1. e4 e6 2. d3 d5 3. Nc3 c5 4. f4 Nf6 5. e5 Nfd7 6. Nf3 b6 7. g3 Nc6 8. Bh3 Be7
9. O-O h6 10. f5 Ndxe5 11. Nxe5 Nxe5 12. fxe6 Bf6 13. Qh5 g6 14. exf7+ Ke7 15.
Qe2 Bxh3 16. Bf4 Bxf1 17. Rxf1 Qd6 18. Nb5 Qb8 19. Nc3 Ke6 20. Qg2 Qd6 21. d4
cxd4 22. Nb5 Qc5 23. a4 a6 24. Qh3+ Ke7 25. Re1 d3+ 26. Be3 Qb4 27. Nc3 Kxf7
28. Rf1 Rad8 29. Qg2 Rd6 30. Nxd5 Qxb2 31. Qe4 Re8 32. cxd3 Nd7 33. Qc4 Kg7 34.
Bxh6+ Kh7 35. Be3 Qe5 36. Nxf6+ Rxf6 37. Qh4+ Kg8 38. Re1 Qd5 39. Qh6 Qxd3 0-1

[Event "Frankfurt Ch A 2015"]
[Site "Ffm-Höchst, BiKuZ"]
[Date "2015.06.08"]
[Round "6.16"]
[White "Biegel, Thomas"]
[Black "Krüger, Till"]
[Result "1/2-1/2"]
[WhiteElo "1961"]
[BlackElo "1856"]
[PlyCount "53"]
[EventDate "2015.??.??"]
[WhiteTeam "SVG Eppstein"]
[BlackTeam "SC Nidderau"]

1. d4 Nf6 2. c4 g6 3. Nc3 Bg7 4. Nf3 d6 5. Bg5 h6 6. Bh4 g5 7. Bg3 Nh5 8. e3
Nxg3 9. hxg3 Bf5 10. Be2 Nd7 11. O-O O-O 12. Nd2 c5 13. d5 Qb6 14. Qb3 Qc7 15.
f4 Bh7 16. f5 Be5 17. Nce4 Kg7 18. g4 f6 19. g3 Bg8 20. Kg2 Bf7 21. Rh1 Rh8 22.
Rh2 Rab8 23. a4 a5 24. Qc2 Rbg8 25. Rah1 Rh7 26. b3 Rgh8 27. Bd3 1/2-1/2

[Event "Frankfurt Ch A 2015"]
[Site "Ffm-Höchst, BiKuZ"]
[Date "2015.06.08"]
[Round "6.17"]
[White "Gräbner, Walter"]
[Black "Thole, Markus"]
[Result "1/2-1/2"]
[WhiteElo "1955"]
[BlackElo "1773"]
[PlyCount "95"]
[EventDate "2015.??.??"]
[WhiteTeam "SC Nied"]
[BlackTeam "SG Rödermark"]

1. d4 Nf6 2. Nf3 e6 3. c4 b6 4. g3 Ba6 5. b3 Bb4+ 6. Bd2 Be7 7. Bg2 d5 8. Ne5
O-O 9. O-O c5 10. Bc3 Ne4 11. cxd5 exd5 12. Qc2 f6 13. Nf3 Nc6 14. Rd1 Rc8 15.
Qb2 c4 16. Nfd2 Nxd2 17. Nxd2 b5 18. b4 f5 19. Nf3 Qd6 20. a3 Rce8 21. Ne5 Bb7
22. a4 a6 23. axb5 axb5 24. Nxc6 Bxc6 25. Ra6 Ra8 26. Rda1 Rxa6 27. Rxa6 Ra8
28. Qa3 Rxa6 29. Qxa6 Qd7 30. e3 Kf7 31. Bf3 g6 32. Kg2 h5 33. h3 Bf8 34. Qb6
Be7 35. Qb8 Qd6 36. Qh8 Qf6 37. Qh7+ Qg7 38. Qxg7+ Kxg7 39. g4 hxg4 40. hxg4
Kf7 41. gxf5 gxf5 42. Bh5+ Kf6 43. f3 Bf8 44. Kf2 Ke6 45. Bg6 Kf6 46. Bh5 Ke6
47. Ke2 Bh6 48. Be1 1/2-1/2

[Event "Frankfurt Ch A 2015"]
[Site "Ffm-Höchst, BiKuZ"]
[Date "2015.06.08"]
[Round "6.18"]
[White "Lebermann, Hellmuth"]
[Black "Bernig, Andreas"]
[Result "1/2-1/2"]
[WhiteElo "1935"]
[BlackElo "1711"]
[PlyCount "63"]
[EventDate "2015.??.??"]
[WhiteTeam "SK Bad Homburg"]
[BlackTeam "SV Oberursel"]

1. e4 e6 2. d4 d5 3. e5 c5 4. c3 Nc6 5. Nf3 Nge7 6. Na3 Nf5 7. Nc2 Be7 8. Be2
O-O 9. O-O Bd7 10. Re1 Rc8 11. Bd3 cxd4 12. cxd4 Nb4 13. Nxb4 Bxb4 14. Re2 Qa5
15. Bf4 Bb5 16. g4 Bxd3 17. Qxd3 Ne7 18. Ng5 Ng6 19. Be3 Rc6 20. f4 Qa6 21. Qd1
Be7 22. f5 Nh4 23. Rf2 exf5 24. gxf5 h6 25. Nh3 Rfc8 26. a3 Rc4 27. Rc1 Rxc1
28. Bxc1 Nxf5 29. Bf4 Rc6 30. Kh1 Qc4 31. Bd2 Nxd4 32. Qh5 1/2-1/2

[Event "Frankfurt Ch A 2015"]
[Site "Ffm-Höchst, BiKuZ"]
[Date "2015.06.08"]
[Round "6.19"]
[White "Illenberger, Dirk"]
[Black "Egenolf, Dirk"]
[Result "1/2-1/2"]
[WhiteElo "1698"]
[BlackElo "1930"]
[PlyCount "42"]
[EventDate "2015.??.??"]
[WhiteTeam "TSG Nieder-Erlenbach"]
[BlackTeam "SK Niederbrechen"]

1. e4 c5 2. Nc3 g6 3. f4 Bg7 4. Nf3 e6 5. g3 Ne7 6. Bg2 Nbc6 7. O-O O-O 8. d3
Rb8 9. Bd2 b5 10. Rb1 d5 11. e5 Nf5 12. a3 a5 13. a4 b4 14. Nb5 Ba6 15. g4 Nfd4
16. Nbxd4 Nxd4 17. Be3 Nxf3+ 18. Bxf3 d4 19. Bf2 Qc7 20. Bg3 Rfd8 21. b3 Bb7
1/2-1/2